[Event "27th Klatovy A 2019"]
[Site "Klatovy CZE"]
[Date "2019.07.06"]
[Round "8.29"]
[White "Drahorad, Daniel"]
[Black "Pribyl, Viktor"]
[Result "1-0"]
[WhiteElo "1977"]
[BlackElo "1933"]
[PlyCount "83"]
[EventDate "2019.06.29"]
[EventType "swiss"]
[EventRounds "9"]
[EventCountry "CZE"]

1. Nf3 c5 2. e4 d6 3. d4 cxd4 4. Nxd4 Nf6 5. Nc3 a6 6. Be3 e5 7. Nb3 Be6 8. Bd3 d5 9. exd5 Nxd5 10. Nxd5 Bxd5 11. O-O Be7 12. Qg4 Bf6 13. Rad1 Nd7 14. Bf5 Bc6 15. Nc5 h5 16. Bxd7+ Bxd7 17. Qxd7+ Qxd7 18. Nxd7 Be7 19. Nxe5 O-O 20. c3 Rfe8 21. Nf3 b5 22. Rd7 b4 23. c4 Bf6 24. b3 a5 25. Rfd1 a4 26. g3 axb3 27. axb3 Ra3 28. Rb1 Rea8 29. Bd4 Bxd4 30. Rxd4 Ra2 31. Rd2 Ra1 32. Rxa1 Rxa1+ 33. Kg2 Rc1 34. Nd4 Rc3 35. Rb2 Kh7 36. Nc6 Kg6 37. Nxb4 Kf5 38. Nd5 Rc1 39. Ne3+ Ke4 40. b4 Kd4 41. b5 Kc5 42. b6 1-0

[Event "27th Klatovy A 2019"]
[Site "Klatovy CZE"]
[Date "2019.07.06"]
[Round "8.30"]
[White "Hlozek, David"]
[Black "Ondrejat, Miroslav"]
[Result "1/2-1/2"]
[WhiteElo "1901"]
[BlackElo "1948"]
[PlyCount "107"]
[EventDate "2019.06.29"]
[EventType "swiss"]
[EventRounds "9"]
[EventCountry "CZE"]

1. e4 c5 2. Nf3 e6 3. d4 cxd4 4. Nxd4 Nf6 5. Nc3 Nc6 6. Ndb5 d6 7. Bf4 e5 8. Bg5 a6 9. Na3 b5 10. Nd5 Be7 11. Nxe7 Nxe7 12. Qf3 Bg4 13. Qg3 Be6 14. Bd3 Ng6 15. O-O h6 16. Bxf6 Qxf6 17. c4 b4 18. Nc2 Rb8 19. Ne3 Nf4 20. Nd5 Bxd5 21. cxd5 a5 22. Rac1 O-O 23. Rc6 a4 24. Rfc1 a3 25. b3 g5 26. Rc7 Kg7 27. R1c6 Rfd8 28. Qe3 h5 29. Bf1 g4 30. Ra6 h4 31. Rcc6 Rd7 32. Rab6 Rh8 33. Rxb4 Qg6 34. Rbc4 Rh5 35. g3 hxg3 36. fxg3 Rxh2 37. gxf4 Qh6 38. Qg3 Rh1+ 39. Kf2 Qxf4+ 40. Qxf4 exf4 41. Bg2 Rb1 42. Bf3 Rb2+ 43. Rc2 g3+ 44. Ke2 Kf6 45. Bg2 Ke5 46. Kf3 Rb7 47. R6c3 Rb4 48. Ke2 R4xb3 49. Kd2 Rxc3 50. Kxc3 Rxc2+ 51. Kxc2 Kd4 52. Kd2 f6 53. Bf3 Kc4 54. Bg2 1/2-1/2

[Event "27th Klatovy A 2019"]
[Site "Klatovy CZE"]
[Date "2019.07.06"]
[Round "8.31"]
[White "Janous, Marek"]
[Black "Krauskopfova, Lenka 1996"]
[Result "1-0"]
[WhiteElo "1777"]
[BlackElo "1941"]
[PlyCount "159"]
[EventDate "2019.06.29"]
[EventType "swiss"]
[EventRounds "9"]
[EventCountry "CZE"]

1. e4 e6 2. d4 d5 3. e5 c5 4. c3 Nc6 5. Nf3 Bd7 6. Be2 cxd4 7. cxd4 Nge7 8. Nc3 Nf5 9. O-O a6 10. Bg5 Qb6 11. Na4 Qa7 12. Be3 b5 13. Nc3 Be7 14. Rc1 f6 15. Bd3 Nxe3 16. fxe3 f5 17. h4 O-O 18. g3 Na5 19. b3 Rac8 20. Kg2 g6 21. Rh1 h6 22. Ne2 Rxc1 23. Qxc1 Rc8 24. Qg1 Kg7 25. Kf2 h5 26. Qh2 Nc6 27. Bb1 Qc7 28. Ng5 Qa5 29. Nf4 Nd8 30. Nf3 Nf7 31. Qg1 Nh6 32. Qe1 Ng4+ 33. Kg2 Bb4 34. Qe2 Rc3 35. Nd3 Ba3 36. Nh2 Nxh2 37. Kxh2 Qc7 38. Qd2 Be7 39. Kg2 b4 40. Nf4 Kf7 41. Ne2 Rc6 42. Rc1 Rxc1 43. Qxc1 Qxc1 44. Nxc1 g5 45. hxg5 Kg6 46. Kf3 Bb5 47. Bd3 Kxg5 48. Bxb5 axb5 49. Nd3 Kg6 50. Nf4+ Kf7 51. Nxh5 Ke8 52. Kf4 Kf7 53. Kf3 Ke8 54. Nf4 Kd7 55. Nd3 Ke8 56. Kf4 Bf8 57. g4 fxg4 58. Kxg4 Be7 59. Nf4 Kf7 60. Kf3 Bd8 61. e4 dxe4+ 62. Kxe4 Be7 63. d5 exd5+ 64. Kxd5 Bg5 65. Ne6 Be7 66. Nd4 Ke8 67. Nxb5 Kd7 68. e6+ Ke8 69. Nd6+ Kd8 70. Nf5 Bg5 71. Kc6 Ke8 72. e7 Bf4 73. Nh4 Bg3 74. Nf5 Bf4 75. Kb5 Bd2 76. Ka4 Be1 77. a3 bxa3 78. Kxa3 Bd2 79. Ka4 Bg5 80. Kb5 1-0

[Event "27th Klatovy A 2019"]
[Site "Klatovy CZE"]
[Date "2019.07.06"]
[Round "8.32"]
[White "Sim, Jia Ru"]
[Black "Turner, Radek"]
[Result "1/2-1/2"]
[WhiteElo "1866"]
[BlackElo "2023"]
[PlyCount "125"]
[EventDate "2019.06.29"]
[EventType "swiss"]
[EventRounds "9"]
[EventCountry "CZE"]

1. e4 e6 2. d4 d5 3. e5 c5 4. c3 Nc6 5. Nf3 Bd7 6. Na3 cxd4 7. cxd4 Qb6 8. Nc2 Rc8 9. Bd3 Nb4 10. Nxb4 Bxb4+ 11. Bd2 Ne7 12. O-O Bxd2 13. Qxd2 Bb5 14. Bxb5+ Qxb5 15. Qg5 Ng6 16. h4 h6 17. Qd2 O-O 18. h5 Ne7 19. Nh2 Rc4 20. b3 Qb4 21. Rad1 Qxd2 22. Rxd2 Rc3 23. g4 Rfc8 24. f4 Rg3+ 25. Kf2 Rcc3 26. Rc1 Nc6 27. Rxc3 Rxc3 28. Nf1 a5 29. Ne3 Nb4 30. Ke2 Kf8 31. Rb2 Rc1 32. a3 Nc6 33. Kd3 Ra1 34. Kc3 Re1 35. Kd3 Ra1 36. Kc3 Rh1 37. Rf2 Re1 38. Nc2 Rg1 39. Ne3 Rg3 40. Kd3 Ke7 41. f5 Rg1 42. f6+ Kf8 43. fxg7+ Kxg7 44. Rf6 Rg3 45. Rf4 Rg1 46. Rf6 Ne7 47. Rf2 Rc1 48. Rg2 f6 49. exf6+ Kxf6 50. Rf2+ Kg7 51. Rg2 Rh1 52. Rc2 Nc6 53. Rc5 Ra1 54. Rb5 Rxa3 55. Rxb7+ Kh8 56. Nc2 Nb4+ 57. Rxb4 axb4 58. Nxa3 bxa3 59. Kc2 e5 60. dxe5 d4 61. e6 Kg7 62. g5 d3+ 63. Kxd3 1/2-1/2

[Event "27th Klatovy A 2019"]
[Site "Klatovy CZE"]
[Date "2019.07.06"]
[Round "8.33"]
[White "Richter, Martin1"]
[Black "Novy, Daniel"]
[Result "1/2-1/2"]
[WhiteElo "1959"]
[BlackElo "1955"]
[PlyCount "54"]
[EventDate "2019.06.29"]
[EventType "swiss"]
[EventRounds "9"]
[EventCountry "CZE"]

1. e4 c5 2. Nc3 Nc6 3. f4 g6 4. Nf3 Bg7 5. Bb5 Nd4 6. Bc4 e6 7. e5 a6 8. Ne4 Nf5 9. g4 d5 10. gxf5 dxe4 11. fxe6 Bxe6 12. Bxe6 exf3 13. Bb3 Qh4+ 14. Kf1 Qh3+ 15. Kf2 Qg2+ 16. Ke3 Nh6 17. Qxf3 Ng4+ 18. Ke4 f5+ 19. exf6 Nxf6+ 20. Ke3 Ng4+ 21. Ke4 Nf2+ 22. Ke3 Ng4+ 23. Ke4 Qxh1 24. Qxh1 Nf2+ 25. Kf3 Nxh1 26. d4 O-O-O 27. Be6+ Kc7 1/2-1/2

[Event "27th Klatovy A 2019"]
[Site "Klatovy CZE"]
[Date "2019.07.06"]
[Round "8.34"]
[White "Fiser, Jiri2"]
[Black "Paldus, Jan"]
[Result "1/2-1/2"]
[WhiteElo "1899"]
[BlackElo "1767"]
[PlyCount "99"]
[EventDate "2019.06.29"]
[EventType "swiss"]
[EventRounds "9"]
[EventCountry "CZE"]

1. e4 d5 2. exd5 Qxd5 3. Nc3 Qa5 4. d4 c6 5. Bc4 Nf6 6. Bd2 Qc7 7. Nge2 Bf5 8. Bf4 Qb6 9. Qd2 e6 10. O-O-O Nbd7 11. f3 Nd5 12. g4 Bg6 13. h4 h5 14. Bg3 Nxc3 15. Qxc3 hxg4 16. fxg4 O-O-O 17. Qf3 Nf6 18. Bd3 Bxd3 19. Rxd3 Rd7 20. Kb1 Bd6 21. Bf2 Qd8 22. Rhd1 Qe7 23. c4 Rhd8 24. g5 Ne8 25. Ng3 Bxg3 26. Bxg3 Qb4 27. Qf4 Nc7 28. b3 Qe7 29. Qe3 c5 30. Be5 f6 31. gxf6 gxf6 32. Bxc7 Kxc7 33. d5 b6 34. dxe6 Rxd3 35. Rxd3 Rxd3 36. Qxd3 Qxe6 37. Qg3+ Kc6 38. Kc2 Qe2+ 39. Kc3 Qxa2 40. h5 Qa1+ 41. Kd2 Qb2+ 42. Ke1 Qc1+ 43. Ke2 Qc2+ 44. Ke1 Qe4+ 45. Kf2 Qd4+ 46. Kg2 Qd2+ 47. Kh3 Qh6 48. Kh4 a5 49. Qf3+ Kc7 50. Qg3+ 1/2-1/2

[Event "27th Klatovy A 2019"]
[Site "Klatovy CZE"]
[Date "2019.07.06"]
[Round "8.35"]
[White "Lhotska, Anna"]
[Black "Nechutny, Michal"]
[Result "1-0"]
[WhiteElo "1884"]
[BlackElo "1726"]
[PlyCount "117"]
[EventDate "2019.06.29"]
[EventType "swiss"]
[EventRounds "9"]
[EventCountry "CZE"]

1. e4 c5 2. Nf3 Nc6 3. Nc3 e6 4. d4 cxd4 5. Nxd4 Nf6 6. Be2 Bb4 7. O-O O-O 8. Bg5 Be7 9. Be3 d5 10. exd5 exd5 11. Bf3 Ne5 12. Be2 Re8 13. Nf3 Nc6 14. Nb5 a6 15. Nbd4 Bg4 16. c3 Qc7 17. Qc2 Rac8 18. Nxc6 Qxc6 19. Ne5 Qe6 20. Nxg4 Nxg4 21. Bxg4 Qxg4 22. Qb3 Qd7 23. Rad1 Red8 24. Bb6 Re8 25. Rxd5 Qe6 26. Be3 b5 27. g3 h6 28. Rfd1 Qc6 29. Rd7 Rcd8 30. Qd5 Qf6 31. Qe4 Bf8 32. Qd4 Rxd7 33. Qxd7 Qf3 34. Qd5 Qg4 35. Rd4 Qe2 36. Rf4 Re7 37. Bc5 Qe6 38. Qxe6 Rxe6 39. Be3 Bd6 40. Rf5 Kf8 41. Kg2 Ke7 42. Kf3 Be5 43. Rh5 g5 44. h4 gxh4 45. Rxh4 Bg7 46. Re4 h5 47. Rxe6+ Kxe6 48. Kf4 Bh6+ 49. Ke4 Bg7 50. Bd4 f5+ 51. Kd3 Bf8 52. b3 Kd6 53. c4 Kc6 54. Ke3 Bh6+ 55. Kf3 bxc4 56. bxc4 a5 57. Be3 Bxe3 58. Kxe3 Kc5 59. Kf4 1-0

[Event "27th Klatovy A 2019"]
[Site "Klatovy CZE"]
[Date "2019.07.06"]
[Round "8.36"]
[White "Hlavac, Rudolf"]
[Black "Kovar, Petr"]
[Result "1-0"]
[WhiteElo "1990"]
[BlackElo "1909"]
[PlyCount "67"]
[EventDate "2019.06.29"]
[EventType "swiss"]
[EventRounds "9"]
[EventCountry "CZE"]

1. e4 c5 2. Nf3 d6 3. d4 cxd4 4. Qxd4 Nc6 5. Bb5 Bd7 6. Bxc6 Bxc6 7. c4 Nf6 8. Nc3 e6 9. O-O Be7 10. b3 O-O 11. Bb2 Qa5 12. Rfe1 Rfd8 13. Qd2 Qc5 14. Rac1 Rac8 15. Nd5 Bxd5 16. cxd5 Qb6 17. dxe6 fxe6 18. Rxc8 Rxc8 19. Ba3 Rc7 20. e5 dxe5 21. Bxe7 Rxe7 22. Nxe5 Nd5 23. Nc4 Qb4 24. Qe2 Qc3 25. Rd1 Qf6 26. g3 Rc7 27. Re1 Re7 28. Ne5 Qf5 29. h4 Rc7 30. Qb5 Kf8 31. Nc4 Re7 32. Nd6 Qf3 33. Qc4 Rc7 34. Rxe6 1-0

[Event "27th Klatovy A 2019"]
[Site "Klatovy CZE"]
[Date "2019.07.06"]
[Round "8.37"]
[White "Elias, Jakub"]
[Black "Cecil, Pavel"]
[Result "1-0"]
[WhiteElo "1921"]
[BlackElo "1890"]
[PlyCount "61"]
[EventDate "2019.06.29"]
[EventType "swiss"]
[EventRounds "9"]
[EventCountry "CZE"]

1. e4 e6 2. d4 d5 3. Nd2 dxe4 4. Nxe4 Nd7 5. Nf3 Ngf6 6. Bd3 Be7 7. O-O Nxe4 8. Bxe4 Nf6 9. Bd3 Bd7 10. c3 O-O 11. Ne5 c5 12. dxc5 Bxc5 13. Bg5 Bc6 14. Nxc6 bxc6 15. Bxf6 gxf6 16. Bxh7+ Kxh7 17. Qh5+ Kg7 18. Qxc5 Qb6 19. Qc4 Rfd8 20. Qg4+ Kf8 21. Qe2 Rd5 22. Rfd1 Rad8 23. Rxd5 Rxd5 24. c4 Rd4 25. a3 Qd8 26. Qh5 Kg8 27. h3 Rxc4 28. Rd1 Qc7 29. Qh6 f5 30. Rd3 f4 31. Qg5+ 1-0

[Event "27th Klatovy A 2019"]
[Site "Klatovy CZE"]
[Date "2019.07.06"]
[Round "8.38"]
[White "Kantor, Jozef"]
[Black "Flajsman, Pavel"]
[Result "1/2-1/2"]
[WhiteElo "1808"]
[BlackElo "1917"]
[PlyCount "153"]
[EventDate "2019.06.29"]
[EventType "swiss"]
[EventRounds "9"]
[EventCountry "CZE"]

1. e4 c5 2. Nf3 Nc6 3. d4 cxd4 4. Nxd4 Nf6 5. Nc3 e5 6. Ndb5 d6 7. Be2 a6 8. Na3 b5 9. Nd5 Be7 10. Be3 Nxd5 11. exd5 Nb8 12. O-O O-O 13. c3 f5 14. f3 Bg5 15. Bf2 Nd7 16. Nc2 Nc5 17. Nb4 Bb7 18. Kh1 Qc7 19. Qc2 Rab8 20. Rad1 a5 21. Bxc5 Qxc5 22. Nd3 Qxd5 23. a4 bxa4 24. Qxa4 Qc6 25. Qxa5 Ra8 26. Qb4 Kh8 27. Qb3 e4 28. Nb4 Qb6 29. Qe6 Rf6 30. Nd5 Bxd5 31. Qxd5 Re8 32. Bb5 Rd8 33. fxe4 Rff8 34. Rxf5 Rxf5 35. Qxf5 Bf6 36. Qd5 Be5 37. Rf1 h6 38. Ra1 Qf2 39. Rf1 Qh4 40. h3 Qg3 41. Kg1 Qe3+ 42. Kh1 Qg3 43. Kg1 Qh2+ 44. Kf2 Bg3+ 45. Kf3 Rf8+ 46. Kg4 Bf2 47. Rxf2 Rxf2 48. g3 Qg2 49. Qd3 h5+ 50. Kh4 Rf8 51. Bd7 Qxb2 52. Bf5 Qb6 53. Kxh5 Qd8 54. Kg4 Qf6 55. Qd4 Qe7 56. h4 Rf6 57. h5 Qf8 58. Kg5 Rh6 59. Bg6 Qe7+ 60. Kf5 Qd7+ 61. Kf4 Qd8 62. g4 Qf6+ 63. Qxf6 gxf6 64. Kf5 Kg7 65. Ke6 Rh8 66. Kd7 Ra8 67. c4 Ra4 68. Kxd6 Rxc4 69. Bf5 Rc1 70. Ke6 Rc6+ 71. Ke7 Rc7+ 72. Kd6 Ra7 73. Ke6 Ra6+ 74. Ke7 Rb6 75. Kd7 Rb5 76. Ke6 Re5+ 77. Kd6 1/2-1/2

[Event "27th Klatovy A 2019"]
[Site "Klatovy CZE"]
[Date "2019.07.06"]
[Round "8.39"]
[White "Novotny, David"]
[Black "Lhotsky, Zdenek"]
[Result "1/2-1/2"]
[WhiteElo "1788"]
[BlackElo "1914"]
[PlyCount "88"]
[EventDate "2019.06.29"]
[EventType "swiss"]
[EventRounds "9"]
[EventCountry "CZE"]

1. d4 d5 2. Bf4 Nf6 3. e3 c5 4. c3 Nc6 5. Nd2 e6 6. Ngf3 Bd6 7. Bg3 O-O 8. Bd3 Qe7 9. Qe2 e5 10. e4 dxe4 11. Nxe4 Nxe4 12. Qxe4 f5 13. Bc4+ Be6 14. Qe2 cxd4 15. cxd4 Bb4+ 16. Kf1 Bxc4 17. Qxc4+ Qf7 18. Qxf7+ Rxf7 19. Nxe5 Rf6 20. a3 Ba5 21. Rd1 f4 22. Nxc6 bxc6 23. Bh4 Re6 24. Bg5 Rae8 25. b4 Bc7 26. g3 f3 27. Be3 Bb6 28. Ke1 Rd6 29. Kd2 c5 30. bxc5 Bxc5 31. Kc3 Bxa3 32. Ra1 Rc6+ 33. Kd3 Bb2 34. Rxa7 Rc3+ 35. Kd2 Rec8 36. Rb1 Bc1+ 37. Ke1 Bxe3 38. fxe3 Rxe3+ 39. Kd2 Re2+ 40. Kd3 Rxh2 41. Rbb7 f2 42. Rxg7+ Kh8 43. Rgf7 Rg8 44. Ke2 Rc8 1/2-1/2

[Event "27th Klatovy A 2019"]
[Site "Klatovy CZE"]
[Date "2019.07.06"]
[Round "8.40"]
[White "Skopec, Lubos"]
[Black "Hacaperka, Michal"]
[Result "1/2-1/2"]
[WhiteElo "1907"]
[BlackElo "1865"]
[PlyCount "131"]
[EventDate "2019.06.29"]
[EventType "swiss"]
[EventRounds "9"]
[EventCountry "CZE"]

1. e4 c5 2. c3 Nf6 3. e5 Nd5 4. d4 cxd4 5. Nf3 Nc6 6. Bc4 Nb6 7. Bb3 d6 8. exd6 Qxd6 9. O-O Bf5 10. Na3 a6 11. cxd4 e6 12. Be3 Nb4 13. Ne5 Be7 14. Bf4 Qd8 15. Rc1 N4d5 16. Bg3 O-O 17. Nac4 Nxc4 18. Rxc4 f6 19. Nf3 Bd6 20. Nh4 Bxg3 21. Nxf5 Bf4 22. Re1 exf5 23. Rc5 Kh8 24. Bxd5 b6 25. Bxa8 bxc5 26. Bf3 cxd4 27. Re6 a5 28. g3 Be5 29. Be2 Qd5 30. Ra6 f4 31. b3 Rd8 32. Bc4 Qb7 33. Rxa5 fxg3 34. hxg3 d3 35. Bxd3 Bxg3 36. Qc2 Bc7 37. Rb5 Qa7 38. Bxh7 Rc8 39. Qf5 Rd8 40. Bg6 Rd1+ 41. Kg2 Qa8+ 42. Qe4 Qxe4+ 43. Bxe4 g5 44. a4 Rd4 45. Bd5 Be5 46. a5 Rd1 47. a6 Ra1 48. Bb7 Kg7 49. Rb4 Kf7 50. Rc4 Ke7 51. Kf3 Ra3 52. Rb4 Bd6 53. Rb5 Kd7 54. Ke4 Ra1 55. Kd5 Rd1+ 56. Ke4 Ra1 57. Kd3 Kc7 58. Kc2 Be5 59. Rc5+ Kb6 60. Rc6+ Ka7 61. Kd3 Rd1+ 62. Ke4 Re1+ 63. Kd3 Rd1+ 64. Ke4 Re1+ 65. Kd3 Rd1+ 66. Ke4 1/2-1/2

[Event "27th Klatovy A 2019"]
[Site "Klatovy CZE"]
[Date "2019.07.06"]
[Round "8.41"]
[White "Stankova, Zuzana 1986"]
[Black "Sterba, Karel"]
[Result "1/2-1/2"]
[WhiteElo "1677"]
[BlackElo "1864"]
[PlyCount "42"]
[EventDate "2019.06.29"]
[EventType "swiss"]
[EventRounds "9"]
[EventCountry "CZE"]

1. e4 e5 2. Nf3 Nc6 3. d4 exd4 4. Bc4 d6 5. O-O Be7 6. Nxd4 Nxd4 7. Qxd4 Bf6 8. Qd3 Ne7 9. c3 O-O 10. Bb3 Ng6 11. f4 c6 12. Be3 Re8 13. Nd2 b5 14. Nf3 a5 15. a3 Be6 16. Bxe6 fxe6 17. Rfd1 d5 18. e5 Be7 19. b4 Rf8 20. Nd4 Qd7 21. Rf1 axb4 1/2-1/2

[Event "27th Klatovy A 2019"]
[Site "Klatovy CZE"]
[Date "2019.07.07"]
[Round "9.1"]
[White "Dolezal, Radoslav Jr"]
[Black "Havelka, Josef"]
[Result "1/2-1/2"]
[WhiteElo "2374"]
[BlackElo "2342"]
[PlyCount "23"]
[EventDate "2019.06.29"]
[EventType "swiss"]
[EventRounds "9"]
[EventCountry "CZE"]

1. d4 d5 2. Nf3 Nf6 3. c4 c6 4. Qb3 dxc4 5. Qxc4 Bf5 6. Nbd2 Nbd7 7. g3 e6 8. Bg2 Be7 9. O-O O-O 10. Qb3 Nb6 11. Re1 Ne4 12. Nxe4 1/2-1/2

[Event "27th Klatovy A 2019"]
[Site "Klatovy CZE"]
[Date "2019.07.07"]
[Round "9.2"]
[White "Rubes, Jan"]
[Black "Sprenar, Petr"]
[Result "1/2-1/2"]
[WhiteElo "2352"]
[BlackElo "2320"]
[PlyCount "48"]
[EventDate "2019.06.29"]
[EventType "swiss"]
[EventRounds "9"]
[EventCountry "CZE"]

1. e4 e6 2. d4 d5 3. exd5 exd5 4. Nf3 Nf6 5. Bd3 Bg4 6. O-O Be7 7. Nbd2 O-O 8. c3 c5 9. dxc5 Bxc5 10. Nb3 Bb6 11. Be2 h6 12. Nfd4 Bxe2 13. Qxe2 Nc6 14. Be3 Re8 15. Rad1 Ne5 16. Qc2 Neg4 17. Bf4 Bc7 18. Bxc7 Qxc7 19. Nf3 Ne5 20. Nbd4 Nxf3+ 21. Nxf3 Re7 22. Rfe1 Rae8 23. Rxe7 Rxe7 24. Nd4 Qe5 1/2-1/2

[Event "27th Klatovy A 2019"]
[Site "Klatovy CZE"]
[Date "2019.07.07"]
[Round "9.3"]
[White "Zeman, Matyas"]
[Black "Vyprachticky, David"]
[Result "1/2-1/2"]
[WhiteElo "2275"]
[BlackElo "2312"]
[PlyCount "43"]
[EventDate "2019.06.29"]
[EventType "swiss"]
[EventRounds "9"]
[EventCountry "CZE"]

1. d4 Nf6 2. Nf3 g6 3. Nbd2 d5 4. e3 Bg7 5. b4 O-O 6. Bb2 b6 7. c4 c5 8. b5 Nbd7 9. Be2 Bb7 10. O-O Rc8 11. Rc1 Rc7 12. dxc5 Nxc5 13. Nb3 dxc4 14. Qxd8 Rxd8 15. Bxc4 Rdc8 16. Be5 Nxb3 17. axb3 Rc5 18. Bd4 R5c7 19. Be5 Rc5 20. Bd4 R5c7 21. Be5 Rc5 22. Bd4 1/2-1/2

[Event "27th Klatovy A 2019"]
[Site "Klatovy CZE"]
[Date "2019.07.07"]
[Round "9.4"]
[White "Vedral, Oldrich"]
[Black "Hausner, Ivan"]
[Result "0-1"]
[WhiteElo "2250"]
[BlackElo "2370"]
[PlyCount "90"]
[EventDate "2019.06.29"]
[EventType "swiss"]
[EventRounds "9"]
[EventCountry "CZE"]

1. e4 c5 2. Nf3 d6 3. d4 cxd4 4. Nxd4 Nf6 5. Nc3 Nc6 6. Bc4 e6 7. Be3 Be7 8. Qe2 a6 9. O-O-O O-O 10. g4 Nxd4 11. Bxd4 b5 12. Bb3 Nd7 13. f4 Qc7 14. f5 Nc5 15. e5 b4 16. f6 bxc3 17. Qe3 Re8 18. fxe7 Nxb3+ 19. axb3 cxb2+ 20. Kxb2 dxe5 21. Bc5 Bb7 22. Rhf1 Rac8 23. b4 Bd5 24. Rd2 a5 25. c3 axb4 26. cxb4 Rxe7 27. Bxe7 Qxe7 28. Qb6 h6 29. Rc2 Rf8 30. Rfc1 e4 31. Rc8 Qf6+ 32. Kb1 Rxc8 33. Rxc8+ Kh7 34. Qe3 Qf1+ 35. Kb2 Qg2+ 36. Rc2 Qxg4 37. b5 f5 38. b6 f4 39. Qd4 e3 40. h3 Qf3 41. Rc7 Qg2+ 42. Kc3 e5 43. Qd3+ Be4 44. Qd7 e2 45. Kd2 f3 0-1

[Event "27th Klatovy A 2019"]
[Site "Klatovy CZE"]
[Date "2019.07.07"]
[Round "9.5"]
[White "Vorisek, Jaroslav"]
[Black "Michalek, Jan 1969"]
[Result "1-0"]
[WhiteElo "2241"]
[BlackElo "2230"]
[PlyCount "51"]
[EventDate "2019.06.29"]
[EventType "swiss"]
[EventRounds "9"]
[EventCountry "CZE"]

1. d4 Nf6 2. c4 g6 3. g3 Bg7 4. Bg2 O-O 5. Nf3 d6 6. O-O c6 7. Nc3 Qb6 8. h3 Nbd7 9. Qc2 Qa6 10. b3 b5 11. Nd2 bxc4 12. Nxc4 d5 13. Nd2 Bb7 14. Bb2 Rfe8 15. e3 e5 16. dxe5 Nxe5 17. Na4 Nd3 18. Bd4 Rac8 19. Nc5 Nxc5 20. Qxc5 Nd7 21. Qc3 Bf8 22. b4 c5 23. bxc5 Nxc5 24. Nb3 Ne6 25. Qd2 Bb4 26. Qxb4 1-0

[Event "27th Klatovy A 2019"]
[Site "Klatovy CZE"]
[Date "2019.07.07"]
[Round "9.6"]
[White "Hollan, Petr"]
[Black "Jurek, Josef"]
[Result "1/2-1/2"]
[WhiteElo "2261"]
[BlackElo "2247"]
[PlyCount "151"]
[EventDate "2019.06.29"]
[EventType "swiss"]
[EventRounds "9"]
[EventCountry "CZE"]

1. e4 e6 2. d4 d5 3. Nc3 Bb4 4. e5 c5 5. a3 Bxc3+ 6. bxc3 Qa5 7. Bd2 Qa4 8. Qg4 Kf8 9. Nf3 Ne7 10. Be2 b6 11. O-O Ba6 12. c4 Nd7 13. Rab1 Qxc2 14. dxc5 Nxc5 15. Rfc1 Qe4 16. Qxe4 dxe4 17. Nd4 h6 18. Be3 Rc8 19. a4 g5 20. a5 Nd3 21. Bxd3 exd3 22. axb6 axb6 23. Nb5 Bxb5 24. Rxb5 Kg7 25. Rxb6 Rhd8 26. Rd6 Nf5 27. Rxd8 Rxd8 28. Bb6 Rc8 29. f3 Rxc4 30. Rd1 Rc3 31. Kf2 Ne7 32. Be3 Nd5 33. Bd4 Rb3 34. g3 Kg6 35. Rd2 Kf5 36. h3 Nb4 37. Be3 Nc6 38. f4 gxf4 39. Bxf4 h5 40. Ke3 Nxe5 41. Rf2 Nc6 42. Bd6+ Kg6 43. Ra2 Rb5 44. Ra3 Ne5 45. Bxe5 Rxe5+ 46. Kxd3 Re1 47. h4 Kf5 48. Kd2 Re4 49. Kd3 e5 50. Rb3 f6 51. Ra3 Rb4 52. Ke3 Kg4 53. Ra6 Kxg3 54. Rxf6 Kxh4 55. Rf5 Rb5 56. Ke4 Kg4 57. Rf8 h4 58. Rg8+ Kh3 59. Kf3 Rb4 60. Rg5 e4+ 61. Kf4 Kh2 62. Ra5 h3 63. Ra2+ Kg1 64. Ra1+ Kf2 65. Ra2+ Ke1 66. Ra1+ Kd2 67. Ra2+ Kd3 68. Ra3+ Kd4 69. Rxh3 Rb8 70. Ra3 Rf8+ 71. Kg3 Rc8 72. Kf2 Rc2+ 73. Ke1 Ke5 74. Rb3 Kf4 75. Ra3 Rh2 76. Rb3 1/2-1/2

[Event "27th Klatovy A 2019"]
[Site "Klatovy CZE"]
[Date "2019.07.07"]
[Round "9.7"]
[White "Neuman, Petr"]
[Black "Kotal, Vaclav"]
[Result "1-0"]
[WhiteElo "2395"]
[BlackElo "2205"]
[PlyCount "51"]
[EventDate "2019.06.29"]
[EventType "swiss"]
[EventRounds "9"]
[EventCountry "CZE"]

1. d4 Nf6 2. c4 e6 3. Nc3 Bb4 4. Qc2 d5 5. a3 Bxc3+ 6. Qxc3 Ne4 7. Qc2 c5 8. dxc5 Nc6 9. cxd5 exd5 10. Nf3 Bf5 11. b4 O-O 12. Bb2 Ng3 13. Qc3 d4 14. Nxd4 Nxd4 15. fxg3 Nc2+ 16. Kf2 Qg5 17. Rc1 Qg6 18. e4 Bxe4 19. Be2 Rad8 20. Rhd1 Rfe8 21. Rxd8 Rxd8 22. Rd1 Rxd1 23. Bxd1 f6 24. Bf3 Kf8 25. Qd2 Qe8 26. Qe2 1-0

[Event "27th Klatovy A 2019"]
[Site "Klatovy CZE"]
[Date "2019.07.07"]
[Round "9.8"]
[White "Vanduyfhuys, Daria"]
[Black "Mejzlik, Ondrej"]
[Result "0-1"]
[WhiteElo "2078"]
[BlackElo "2302"]
[PlyCount "84"]
[EventDate "2019.06.29"]
[EventType "swiss"]
[EventRounds "9"]
[EventCountry "CZE"]

1. d4 d5 2. c4 c6 3. Nc3 e6 4. Nf3 f5 5. g3 Nf6 6. Bg2 Bd6 7. O-O O-O 8. Qc2 Ne4 9. e3 Nd7 10. b3 Qe7 11. Bb2 Nxc3 12. Bxc3 b6 13. Rac1 Ba6 14. Nd2 Rac8 15. Rfd1 h5 16. Bf1 Bb7 17. Bg2 h4 18. Nf3 g5 19. Qd2 h3 20. Bf1 g4 21. Ne5 Nxe5 22. dxe5 Ba3 23. Bb2 Bxb2 24. Qxb2 c5 25. f3 Rcd8 26. Be2 dxc4 27. fxg4 Qg5 28. Qc3 Rd3 29. Rxd3 cxd3 30. Qxd3 Ba6 31. Rc4 Bxc4 32. bxc4 fxg4 33. Qe4 Rf5 34. Bxg4 Rxe5 35. Qf4 Qxf4 36. exf4 Re4 37. Bxh3 b5 38. cxb5 c4 39. Bf1 Rd4 40. Kf2 c3 41. Ke3 c2 42. Kxd4 c1=Q 0-1

[Event "27th Klatovy A 2019"]
[Site "Klatovy CZE"]
[Date "2019.07.07"]
[Round "9.9"]
[White "Slovak, Kilian"]
[Black "Bartos, Jan"]
[Result "0-1"]
[WhiteElo "2242"]
[BlackElo "2157"]
[PlyCount "74"]
[EventDate "2019.06.29"]
[EventType "swiss"]
[EventRounds "9"]
[EventCountry "CZE"]

1. e4 e6 2. d4 d5 3. e5 c5 4. c3 Nc6 5. Nf3 Bd7 6. Be2 Nge7 7. Na3 cxd4 8. cxd4 Ng6 9. Nc2 Be7 10. O-O O-O 11. Bd3 Nh8 12. Ne3 f6 13. exf6 gxf6 14. Re1 f5 15. b3 Nf7 16. Bb2 Nd6 17. Rc1 Ne4 18. Ne5 Nxe5 19. dxe5 Bb4 20. Re2 Nc5 21. Bxf5 Bb5 22. Rxc5 Bxe2 23. Bxe6+ Kh8 24. Qxe2 Bxc5 25. Bxd5 Rf4 26. Qd3 Qb6 27. Nc4 Rxf2 28. Nxb6 Rd2+ 29. Kf1 Rf8+ 30. Ke1 Rxd3 31. e6+ Bd4 32. Bxd4+ Rxd4 33. Nd7 Re8 34. Nf6 Rxd5 35. Nxd5 Rxe6+ 36. Kf2 Rd6 37. Nc3 Rd2+ 0-1

[Event "27th Klatovy A 2019"]
[Site "Klatovy CZE"]
[Date "2019.07.07"]
[Round "9.10"]
[White "Dvorak, Jan"]
[Black "Molkanov, Oleg 2001"]
[Result "1/2-1/2"]
[WhiteElo "2141"]
[BlackElo "2211"]
[PlyCount "46"]
[EventDate "2019.06.29"]
[EventType "swiss"]
[EventRounds "9"]
[EventCountry "CZE"]

1. d4 f5 2. g3 Nf6 3. Bg2 g6 4. b3 c5 5. d5 Bg7 6. Bb2 d6 7. Nf3 O-O 8. c4 b5 9. Nbd2 bxc4 10. bxc4 Nbd7 11. Qc2 Rb8 12. Bc3 Nb6 13. O-O Qe8 14. Rab1 h6 15. Rfe1 Qf7 16. a4 e5 17. Bxe5 dxe5 18. Nxe5 Qe8 19. Nc6 Rb7 20. e4 f4 21. e5 Ng4 22. e6 fxg3 23. fxg3 Qxc6 1/2-1/2

[Event "27th Klatovy A 2019"]
[Site "Klatovy CZE"]
[Date "2019.07.07"]
[Round "9.11"]
[White "Eret, Matous"]
[Black "Jelinek, Michal"]
[Result "1/2-1/2"]
[WhiteElo "2205"]
[BlackElo "2108"]
[PlyCount "51"]
[EventDate "2019.06.29"]
[EventType "swiss"]
[EventRounds "9"]
[EventCountry "CZE"]

1. e4 e5 2. Nc3 Nf6 3. f4 d5 4. fxe5 Nxe4 5. Nf3 Be7 6. Qe2 Nxc3 7. dxc3 c5 8. Bf4 Nc6 9. Qf2 h6 10. h4 Be6 11. Qg3 Qb6 12. b3 O-O-O 13. Bd3 c4 14. Be2 d4 15. Nxd4 Nxd4 16. cxd4 Qxd4 17. c3 Bb4 18. Rc1 g5 19. Be3 Bxc3+ 20. Kf2 Qxe5 21. Qxe5 Bxe5 22. Bxc4 Bxc4 23. Rxc4+ Kd7 24. hxg5 hxg5 25. Rxh8 Rxh8 26. Bxg5 1/2-1/2